Correlation of cure parameters of rubber from different rheometers (Record no. 56400)
[ view plain ]
| 000 -LEADER | |
|---|---|
| fixed length control field | 01848nam a2200193Ia 4500 |
| 100 ## - MAIN ENTRY--AUTHOR NAME | |
| Personal name | Ahmad Aris Bin |
| 245 #0 - TITLE STATEMENT | |
| Title | Correlation of cure parameters of rubber from different rheometers |
| 260 ## - PUBLICATION, DISTRIBUTION, ETC. (IMPRINT) | |
| Name of publisher | Indian Journal of Natural Rubber Research |
| Year of publication | 1992 |
| 300 ## - PHYSICAL DESCRIPTION | |
| Number of Pages | 113-119 |
| 520 ## - SUMMARY, ETC. | |
| Summary, etc | The present trend in the rubber industry is to increase the test temperature in order to reduce testing time and increase productivity of the rheometer. This is claimed to be possible with the new rheometers viz., the Oscillating Disk Rheometer (ODR2000) and the rotorless Moving Die Rheometer (MDR 2000) which have been introduced to replace old models like TM100. The temperature recovery on the ODR 2000 and MDR2000 was found to be between 30 and 50 seconds, while it was around 6 minutes on TM100. Comparative studies among these three rheometers using rubber compounds of varying cure systems have been carried out. Comparison of the cure curves or parameters, at a particular test temperature, showed that there were only slight differences between TM100 and ODR2000. However, there were significant differences between TM100 and MDR2000 and likewise between ODR2000 and MDR2000. At a specified test temperature for a compound, the rheometers gave values of cure parameters viz., scorch time, cure time and cure rate in the following order: MDR2000<ODR2000<TM100. The ranking for the delta torque values, however, is ODR2000, TM100>MDR2000. Statistical analysis on the cure parameters of natural rubber compounds was also carried out to examine the relationship of the values obtained between these rheometers. |
| 650 ## - SUBJECT ADDED ENTRY--TOPICAL TERM | |
| Topical Term | Cure characteristics |
| 650 ## - SUBJECT ADDED ENTRY--TOPICAL TERM | |
| Topical Term | Cure parameters |
| 650 ## - SUBJECT ADDED ENTRY--TOPICAL TERM | |
| Topical Term | Curometer |
| 650 ## - SUBJECT ADDED ENTRY--TOPICAL TERM | |
| Topical Term | Natural rubber |
| 650 ## - SUBJECT ADDED ENTRY--TOPICAL TERM | |
| Topical Term | Rheometer |
| 700 ## - ADDED ENTRY--PERSONAL NAME | |
| Personal name | Soo Lim Hun |
| 942 ## - ADDED ENTRY ELEMENTS (KOHA) | |
| Koha item type | Journals |
| Withdrawn status | Lost status | Damaged status | Not for loan | Home library | Current library | Date acquired | Serial Enumeration / chronology | Koha item type |
|---|---|---|---|---|---|---|---|---|
| Journals | RRII Library | RRII Library | 17/12/2021 | Volume 5, Issue 1&2 | Journals |